Manažment intenzifikačného procesu v poľnohospodárskych podnikoch na Slovensku
Analýza uplatňovania stratégie intenzifikácie agrárnych podnikov hospodáriacich v produkčných podmienkach SR podľa výsledkov roku 2008. Výsledky analýzy naznačili, že túto stratégiu volí len malý počet podnikov, hoci predstavuje cestu približovania výkonnosti poľnohospodárstva na úroveň pôvodných čl...
Enregistré dans:
| Auteur principal: | |
|---|---|
| Autres auteurs: | |
| Format: | Chapitre de livre |
| Langue: | slovaque |
| Sujets: | |
| Tags: |
Pas de tags, Soyez le premier à ajouter un tag!
|
MARC
| LEADER | 00000naa$a2200000$$$4500 | ||
|---|---|---|---|
| 001 | 0112911 | ||
| 005 | 20240502072244.7 | ||
| 041 | 0 | |a slo | |
| 044 | |a SK | ||
| 245 | 1 | 0 | |a Manažment intenzifikačného procesu v poľnohospodárskych podnikoch na Slovensku |c Miroslav Grznár, Ľuboslav Szabo |
| 520 | |a Analýza uplatňovania stratégie intenzifikácie agrárnych podnikov hospodáriacich v produkčných podmienkach SR podľa výsledkov roku 2008. Výsledky analýzy naznačili, že túto stratégiu volí len malý počet podnikov, hoci predstavuje cestu približovania výkonnosti poľnohospodárstva na úroveň pôvodných členských krajín EÚ. Pretrváva značná disparita dosahovaných výsledkov hospodárenia i v miere intenzifikácie v podnikoch typu poľnohospodárskych družstiev a obchodných spoločností. Miera disparity je významne podmienená najmä nedostatkom v manažovaní nákladov a celého intenzifikačného procesu. | ||
| 610 | 2 | 0 | |a podnik poľnohospodársky |
| 610 | 2 | 0 | |a výsledok hospodársky |
| 610 | 2 | 0 | |a disparita |
| 610 | 2 | 0 | |a intenzifikácia |
| 610 | 2 | 0 | |a intenzifikácia poľnohospodárstva |
| 610 | 2 | 0 | |a manažment |
| 100 | 1 | |a Grznár, Miroslav | |
| 700 | 1 | |a Szabo, Ľuboslav | |